000 00433nam a22001457a 4500
005 20251114111219.0
008 250513b |||||||| |||| 00| 0 eng d
020 _a978848376151
082 _aDFic B789 2010
100 _aBronte, Charlotte.
_966729
245 _aThe Professor /
_bCharlotte Bronte.
260 _aLondon :
_bArcturus Publishing Limited,
_c©2010.
300 _a208 pages :
_billustrations ;
_c20 cm.
942 _2ddc
_cDFIC
999 _c23617
_d23617